Effective Word 7.0 / (Record no. 12931)

000 -LEADER
fixed length control field 00414cam a2200169 a 4500
020 ## - INTERNATIONAL STANDARD BOOK NUMBER
ISBN 0256221014
040 ## - CATALOGING SOURCE
Transcribing agency DLC
082 00 - DEWEY DECIMAL CLASSIFICATION NUMBER
Classification number 652 LRW 1996 A043 Or.
100 1# - MAIN ENTRY--AUTHOR NAME
Personal name Erickson, Fritz J.
245 10 - TITLE STATEMENT
Title Effective Word 7.0 /
260 ## - PUBLICATION, DISTRIBUTION, ETC. (IMPRINT)
Place of publication Chicago :
Name of publisher Irwin,
Year of publication c1996.
300 ## - PHYSICAL DESCRIPTION
Number of Pages xvi, 160 p. :
Other physical details ill. ;
Dimensions 28 cm.
500 ## - GENERAL NOTE
General note Includes index.
650 #0 - SUBJECT ADDED ENTRY--TOPICAL TERM
Topical Term Word processing.
700 1# - ADDED ENTRY--PERSONAL NAME
Personal name Vonk, John A.
942 ## - ADDED ENTRY ELEMENTS (KOHA)
Koha item type សៀវភៅភាសាអង់គ្លេស
952 ## - LOCATION AND ITEM INFORMATION (KOHA)
Withdrawn status [LOCAL, KOHA] 0
Holdings
Permanent Location Date acquired Koha item type Lost status Shelving location Barcode Current Location Full call number
Library Block A2017-08-18សៀវភៅភាសាអង់គ្លេស A043A17608Library Block A652 LRW 1996 A043 Or.
មជ្ឈមណ្ឌលឯការនៃសាកលវិទ្យាល័យភូមិន្ទកសិកម្មចំការដូង

Powered by Koha